[Event "XXIV San Miguel 2018"]
[Site "Trevias"]
[Date "2018.09.18"]
[Round "2"]
[White "Alvarez Perez, Adan"]
[Black "Blazquez Lopez, Berna"]
[Result "1/2-1/2"]
[WhiteElo "1950"]
[BlackElo "2134"]
[Annotator "ChessBase"]
[PlyCount "47"]
[EventDate "2018.09.17"]
[EventType "swiss"]
[EventCountry "ESP"]
[SourceTitle "playchess.com"]
[Source "ChessBase"]
[SourceQuality "1"]
[TimeControl "5400+30"]

1. d4 d5 {[%emt 0:00:00]} 2. Bg5 {[%emt 0:00:00]} f6 3. Bf4 {[%emt 0:02:43]} c5 {[%emt 0:00:15]} 4. e3 {[%emt 0:03:50]} Nc6 {[%emt 0:06:14]} 5. Bd3 {[%emt 0:07:46]} g6 {[%emt 0:04:20]} 6. c3 e5 7. dxe5 {[%emt 0:04:48]} fxe5 {[%emt 0:00:48]} 8. Bg3 {[%emt 0:00:18]} Bg7 {[%emt 0:15:54]} 9. h4 {[%emt 0:17:12]} Nf6 {[%emt 0:06:13]} 10. Nd2 {[%emt 0:06:39]} e4 {[%emt 0:02:57]} 11. Bb5 O-O {[%emt 0:09:20]} 12. Nb3 {[%emt 0:03:31]} Qe7 {[%emt 0:03:41]} 13. Nh3 {[%emt 0:12:20]} Bg4 14. Be2 Bxe2 {[%emt 0:01:36]} 15. Qxe2 {[%emt 0:10:16]} c4 16. Nd2 {[%emt 0:03:01]} Nh5 {[%emt 0:01:55]} 17. Bf4 Be5 {[%emt 0:04:56]} 18. g3 {[%emt 0:06:35]} b5 {[%emt 0:00:38]} 19. a3 {[%emt 0:01:32]} a5 {[%emt 0:00:25]} 20. Rb1 {[%emt 0:01:48]} b4 {[%emt 0:00:27]} 21. Nxc4 bxc3 {[%emt 0:02:26]} 22. Bxe5 {[%emt 0:03:12]} Nxe5 {[%emt 0:00:08]} 23. Nxe5 {[%emt 0:00:06]} Qxe5 {[%emt 0:00:25]} 24. bxc3 {[%emt 0:01:07]} 1/2-1/2

[Event "XXIV San Miguel 2018"]
[Site "Trevias"]
[Date "2018.09.19"]
[Round "3"]
[White "Aguera Naredo, Javier"]
[Black "Cuevas Fernandez, Manuel A."]
[Result "1-0"]
[WhiteElo "2369"]
[BlackElo "2113"]
[Annotator "TA"]
[PlyCount "115"]
[EventDate "2018.09.17"]
[EventType "swiss"]
[EventCountry "ESP"]
[SourceTitle "playchess.com"]
[Source "ChessBase"]
[SourceQuality "1"]

{[%evp 26,115,11,8,84,32,83,79,77,80,81,77,51,61,157,166,177,155,173,120,125,128,132,128,131,91,96,91,204,187,200,111,95,90,110,119,128,116,185,177,227,185,176,189,190,173,177,176,193,164,207,200,254,247,234,216,257,244,326,318,315,333,332,311,317,282,310,299,291,285,373,373,440,437,1400,377,383,0,449,437,449,447,493,477,575,541,697,683,1053,994,4931,3385]} 1. e4 c5 2. Nf3 Nc6 3. d4 cxd4 4. Nxd4 Nf6 5. Nc3 e5 6. Ndb5 d6 7. Bg5 a6 8. Na3 b5 9. Bxf6 gxf6 {[%cal Bg7f6,Bf6f5,Bf5f4][%mdl 32]} 10. Nd5 Bg7 11. g3 f5 12. Bg2 f4 {B33: Sicilian: Pelikan and Sveshnikov Variations} 13. c3 O-O 14. Nc2 {[#] LiveBook: 7 Games} f5 $146 (14... a5 $11 {keeps the balance.}) ({Predecessor:} 14... a5 15. Qh5 b4 16. O-O bxc3 17. bxc3 Ne7 18. gxf4 Nxd5 19. exd5 exf4 20. Nd4 {0-1 (51) Potapov,P (2479)-Kovalev,V (2636) Sochi 2017}) 15. O-O (15. Qh5 $16) 15... Ra7 ({Black should play} 15... Kh8 $14) 16. exf5 Bxf5 17. Nxf4 $1 exf4 18. Bxc6 Bh3 19. Re1 fxg3 (19... Be5 $14) 20. hxg3 $16 Be5 21. Bd5+ Kh8 22. Qh5 (22. Re3 $1 $18) 22... Qc8 23. Ne3 {Threatens to win with f4.} Rg7 24. Re2 Bf4 25. Bg2 Bxg2 26. Nxg2 Rg5 (26... Be5 $16) 27. Qh4 $36 {[%mdl 2048] White is really pushing.} Rg4 {[#]} 28. Qe7 ({White should try} 28. Qh3 $1 $18 Be5 29. f4) 28... Be5 $16 29. Rae1 Rg7 30. Qh4 Qc5 {White must now prevent ...Rxg3.} 31. Re3 Qd5 (31... Rgf7 $16 {was necessary.}) 32. a3 $18 Qd2 33. R3e2 Qd5 34. Qe4 Qc5 {Strongly threatening ...Rxg3.} 35. Re3 Rfg8 36. Kf1 Qc8 37. Ke2 Rg4 38. Qd3 Qc6 39. Nh4 a5 40. Nf3 Bf6 41. Re6 R8g6 42. Rxd6 Re4+ 43. Kd1 Rxe1+ 44. Nxe1 Qc5 45. Qd2 b4 46. axb4 axb4 47. cxb4 Qh5+ 48. Qe2 Qf5 49. Nd3 Rg4 {[#]} (49... Rg7 $142 50. Qe6 Qxe6 51. Rxe6 Bd4) 50. Qe8+ $2 (50. Rxf6 $1 Qd7 (50... Qxf6 51. Qxg4) 51. Rf8+ Kg7 52. Re8) 50... Rg8 51. Qe2 $2 ({Better is} 51. Qe6 $18 Qxe6 52. Rxe6) 51... Ra8 $2 {[%mdl 8192]} (51... Rg4 $1 $11 {and Black has nothing to worry.} 52. Rxf6 Qe4) 52. Kc2 {White is clearly winning.} Bg7 53. Qe6 Qb5 54. Qd5 Qa4+ 55. Kd2 {White wants to mate with Rd8+.} Qe8 56. b5 Bf8 57. Rd7 Rb8 58. Ne5 {Precision: White = 64%, Black = 24%.} 1-0

[Event "XXIV San Miguel 2018"]
[Site "Trevias"]
[Date "2018.09.19"]
[Round "3"]
[White "Perez Nunez, Saul"]
[Black "Clemente Llamero, Roberto"]
[Result "1-0"]
[WhiteElo "2182"]
[BlackElo "2086"]
[Annotator "TA"]
[PlyCount "47"]
[EventDate "2018.09.17"]
[EventType "swiss"]
[EventCountry "ESP"]
[SourceTitle "playchess.com"]
[Source "ChessBase"]
[SourceQuality "1"]

{[%evp 18,47,27,7,44,39,47,50,54,32,44,38,91,0,0,0,248,243,477,466,645,397,1181,1167,1270,1270,1246,1264,1251,1250,1241,1219]} 1. e4 c5 2. Nc3 Nc6 3. Bb5 Nd4 4. Bc4 e6 5. Nge2 Ne7 6. Nxd4 cxd4 7. Ne2 Nc6 {B30: Sicilian: 2...Nc6 3 Bb5, lines without ...g6} 8. O-O Be7 (8... a6 9. d3 d5 10. exd5 exd5 11. Bb3 Bd6 12. Nf4 Bxf4 13. Bxf4 O-O 14. Qf3 Be6 15. Rfe1 {1-0 (58) Cornette,M (2611)-Lenic,L (2662) chess.com INT 2018}) 9. d3 O-O 10. Bb3 {LiveBook: 17 Games} d6 11. f4 Bd7 $146 ({Predecessor:} 11... b5 12. f5 Bg5 13. Ng3 exf5 14. exf5 Ne5 15. Bd5 {1-0 (32) Kerek,K (2325)-Farkas,T (2289) Hungary 2008}) 12. f5 Bf6 13. Nf4 {[%cal Rf5e6,Be2f4,Bf4h5,Bh5f6][%mdl 32]} exf5 14. exf5 Be5 (14... Ne7 $14) 15. Qg4 (15. Qh5 $16) 15... Ne7 $1 $11 16. Nh5 $36 {[%mdl 2048] aiming for Bg5. White has some pressure.} g6 $2 {[#]} (16... Nxf5 $1 $11 {and Black has nothing to worry.} 17. Bg5 (17. Rxf5 g6 $11) 17... Ne3) 17. Bg5 $1 $18 {[%cal Bc1g5,Bg5e7,Be7f6,Bf6d4][%mdl 32]} Bxf5 $2 {[#]} (17... gxh5 {was worth a try.} 18. Qh4 Nxf5 19. Rxf5 Bxf5 20. Bxd8 Raxd8 21. Qxh5 Bg6) 18. Rxf5 $1 {[%mdl 512]} gxf5 (18... Nxf5 19. Bxd8) 19. Qh4 Qa5 $2 (19... Ng6) 20. Bxe7 {White is clearly winning.} Qd2 21. Nf6+ Bxf6 22. Bxf6 {Threatening mate with Qg3+.} Qe3+ 23. Kh1 {Re1 would kill now.} Rae8 24. Bxd4 {Precision: White = 87%, Black = 30%.} 1-0

[Event "XXIV San Miguel 2018"]
[Site "Trevias"]
[Date "2018.09.19"]
[Round "3"]
[White "Blazquez Lopez, Berna"]
[Black "Alvarez Fernandez, Enrique"]
[Result "1/2-1/2"]
[WhiteElo "2134"]
[BlackElo "2303"]
[Annotator "NA"]
[PlyCount "51"]
[EventDate "2018.09.17"]
[EventType "swiss"]
[EventCountry "ESP"]
[SourceTitle "playchess.com"]
[Source "ChessBase"]
[SourceQuality "1"]
[TimeControl "5400+30"]

{[%evp 8,51,22,32767,32767,32767,32767,32767,30,37,34,39,36,32767,36,34,44,22,36,40,54,56,55,42,52,49,50,8,35,32767,18,7,32767,32767,32767,32767,32767,0,0,0,0,32767,32767,0,32767,0]} 1. d4 {[%emt 0:05:21]} e6 {[%emt 0:00:00]} 2. c4 {[%emt 0:00:39]} Nf6 {[%emt 0:02:10]} 3. Nf3 {[%emt 0:00:07]} d5 {[%emt 0:00:36]} 4. Nc3 {[%emt 0:00:11]} Be7 {[%emt 0:09:18]} 5. Bf4 {[%emt 0:00:41]} O-O {[%emt 0:02:32]} 6. e3 {[%emt 0:00:05]} c5 {[%emt 0:02:14]} 7. dxc5 {[%emt 0:00:22]} Bxc5 {[%emt 0:00:40]} 8. cxd5 {[%emt 0:00:17]} exd5 {[%emt 0:01:39]} 9. Be2 {[%emt 0:00:33]} Nc6 {[%emt 0:04:12]} 10. O-O {[%emt 0:00:13]} Be6 {[%emt 0:07:58]} 11. Rc1 {[%emt 0:00:55]} a6 {[%emt 0:05:15] LiveBook: 17 Games D37: Queen's Gambit Declined: 5 Bf4} (11... Rc8 12. Nb5 Ne4 13. Nfd4 g5 14. Bg3 Nxd4 15. Nxd4 Qf6 16. Nxe6 fxe6 17. Bg4 Bb6 18. Qe2 Nxg3 19. hxg3 Qe5 20. Rxc8 Rxc8 {½-½ (30) Lupulescu,C (2634)-Agamaliev,G (2493) Konya 2017}) 12. a3 {[%emt 0:01:56]} Be7 {[%emt 0:11:51]} 13. Nd4 {[%emt 0:06:07]} Bd6 $146 {[%emt 0:16:00]} ({Predecessor:} 13... Rc8 14. Bf3 Nxd4 15. Qxd4 Rc4 16. Qd3 Qc8 17. Ne2 Rd8 18. b3 Rc6 19. Rxc6 bxc6 20. b4 Bf5 21. Qc3 Be4 22. Nd4 {0-1 (50) Neferanovic,I (1689)-Saric,K (2237) Djakovo 2011}) 14. Bxd6 {[%emt 0:09:39]} Qxd6 {[%emt 0:00:03]} 15. Nxc6 {[%emt 0:12:52]} bxc6 {[%emt 0:00:18]} 16. Na4 {[%emt 0:00:15]} Nd7 {[%emt 0:05:53]} 17. Qc2 {[%emt 0:02:45]} Rfc8 {[%emt 0:00:37]} 18. Nc5 {[%emt 0:00:38]} a5 {[%emt 0:01:57]} 19. Rfd1 {[%emt 0:02:59]} Nxc5 {[%emt 0:02:01]} 20. Qxc5 {[%emt 0:00:31]} Qxc5 {[%emt 0:00:11]} 21. Rxc5 {[%emt 0:00:04]} Kf8 {[%emt 0:01:21]} 22. b4 {[%emt 0:03:01]} axb4 {[%emt 0:01:14]} 23. axb4 $11 {[%emt 0:00:06]} Ke7 {[%emt 0:01:19]} 24. b5 {[%emt 0:01:44]} cxb5 {[%emt 0:00:26]} 25. Rxc8 {[%emt 0:00:33]} Rxc8 {[%emt 0:00:06]} 26. Bxb5 {[%emt 0:00:15]} 1/2-1/2

[Event "XXIV San Miguel 2018"]
[Site "Trevias"]
[Date "2018.09.19"]
[Round "3"]
[White "Acebal Muniz, Antonio"]
[Black "Estrada Martinez, Cesar"]
[Result "1/2-1/2"]
[WhiteElo "2105"]
[BlackElo "2010"]
[Annotator "NA"]
[PlyCount "23"]
[EventDate "2018.09.17"]
[EventType "swiss"]
[EventCountry "ESP"]
[SourceTitle "playchess.com"]
[Source "ChessBase"]
[SourceQuality "1"]
[TimeControl "5400+30"]

1. Nf3 d5 2. d4 Nf6 3. c4 c6 4. Nc3 e6 5. e3 Bd6 6. Bd3 Nbd7 7. e4 dxe4 8. Nxe4 Nxe4 9. Bxe4 Nf6 10. Bc2 O-O 11. O-O {[%emt 0:07:08]} h6 {[%emt 0:11:40]} 12. b3 {[%emt 0:00:57]} 1/2-1/2

[Event "XXIV San Miguel 2018"]
[Site "Trevias"]
[Date "2018.09.19"]
[Round "3"]
[White "Suarez Fernandez, Pablo"]
[Black "Cuevas Fernandez, Jose Alberto"]
[Result "1/2-1/2"]
[WhiteElo "2084"]
[BlackElo "2173"]
[Annotator "TA"]
[PlyCount "31"]
[EventDate "2018.09.17"]
[EventType "swiss"]
[EventCountry "ESP"]
[SourceTitle "playchess.com"]
[Source "ChessBase"]
[SourceQuality "1"]

{[%evp 16,24,25,26,29,27,20,28,28,18,22]} 1. e4 c5 2. Nf3 e6 3. d4 cxd4 4. Nxd4 a6 5. Nc3 Qc7 6. Be2 Bb4 7. Qd3 {B43: Sicilian: Kan Variation: 5 Nc3} (7. O-O Nf6 8. Qd3 Nc6 9. Kh1 O-O 10. Bg5 Bxc3 11. bxc3 Qe5 12. f4 Qxe4 13. Qg3 Nxd4 14. Bxf6 Nf5 15. Qg4 h5 16. Qxh5 gxf6 17. Bd3 Qd5 18. Rf3 {1-0 (33) Alekseenko,K (2570)-Chekhov,S (2465) Sochi 2016}) 7... Nf6 8. Bd2 Nc6 9. Nxc6 {LiveBook: 3 Games} dxc6 10. Qg3 Qxg3 11. hxg3 e5 12. f3 Be6 {Predecessor:} 13. O-O-O $146 Bc5 14. f4 Bg4 15. Bf3 Bxf3 16. gxf3 {½-½ (41) Sergijevic,Z (2093)-Nedeljkovic,D (2141) Belgrade 2012} 1/2-1/2

[Event "XXIV San Miguel 2018"]
[Site "Trevias"]
[Date "2018.09.19"]
[Round "3"]
[White "Crespo Gavilan, Abel"]
[Black "Almirante Olay, Ruben"]
[Result "1-0"]
[WhiteElo "1992"]
[BlackElo "1809"]
[Annotator "NA RC"]
[PlyCount "89"]
[EventDate "2018.09.17"]
[EventType "swiss"]
[EventCountry "ESP"]
[SourceTitle "playchess.com"]
[Source "ChessBase"]
[SourceQuality "1"]
[TimeControl "5400+30"]

{[%evp 15,89,52,32767,32767,32767,32767,87,80,69,77,57,58,67,52,95,90,91,-214,63,47,32767,32767,25,26,31,38,32767,32767,32767,32767,32767,29,76,79,82,32767,32767,84,114,114,106,32767,120,32767,136,103,101,32767,32767,32767,32767,123,32767,32767,32767,32767,32767,32767,32767,32767,32767,32767,32767,32767,32767,562,932,667,868,521,878,729,32767,32767,751,540]} 1. c4 {[%emt 0:00:00]} c5 {[%emt 0:21:39]} 2. Nf3 {[%emt 0:00:00]} Nc6 {[%emt 0:00:21]} 3. d4 {[%emt 0:00:00]} cxd4 {[%emt 0:01:14]} 4. Nxd4 g6 {[%emt 0:01:59]} 5. e4 {[%emt 0:00:01]} Bg7 {[%emt 0:00:09]} 6. Be3 {[%emt 0:00:07]} Nf6 {[%emt 0:00:22]} 7. Nc3 {[%emt 0:00:07]} d6 {[%emt 0:00:18]} 8. Be2 {[%emt 0:00:39]} O-O {[%emt 0:00:24]} 9. O-O {[%emt 0:03:51]} Ne5 {[%emt 0:02:34]} 10. f3 {[%emt 0:01:17]} Bd7 {[%emt 0:01:46] B38: Sicilian: Maroczy Bind with 5...Bg7 and 7...0-0} 11. Qd2 {[%emt 0:00:52] LiveBook: 9 Games} (11. Rc1 a6 12. Qd2 Rc8 13. b3 Re8 14. Rc2 Nc6 15. Rb1 Nb4 16. Rcc1 Nh5 17. Bf1 Nc6 18. Nde2 f5 19. Nd5 fxe4 20. Bb6 exf3 21. gxf3 Rc7 22. Bxc7 {1-0 (39) Dudukin,I (2396)-Zaremba,A (2348) chess.com INT 2017}) 11... Qa5 {[%emt 0:01:29]} 12. Rfc1 $146 {[%emt 0:05:13]} ({Predecessor:} 12. Nd5 Qd8 13. Rac1 Rc8 14. Rfd1 b6 15. Bh6 Ne8 16. Bxg7 Kxg7 17. f4 e6 18. fxe5 exd5 19. cxd5 dxe5 20. Rxc8 Qxc8 {1-0 (42) Opitz,C (2020)-Schatz,C (2179) Dresden 2009}) 12... Rfc8 {[%emt 0:02:16]} 13. b3 {[%emt 0:01:54]} Nc6 {[%emt 0:04:12]} 14. a3 {[%emt 0:02:18]} Qe5 {[%emt 0:06:00]} 15. Nxc6 {[%emt 0:13:24]} bxc6 16. Bd4 $2 {[%emt 0:03:49] [#]} (16. b4 $16) 16... Qa5 $2 {[%emt 0:00:47]} (16... Nxe4 $1 $19 {[%mdl 512]} 17. fxe4 (17. Nxe4 Qxd4+) 17... Qxd4+ 18. Qxd4 Bxd4+ 19. Kh1 a5) 17. b4 {[%emt 0:00:34]} Qd8 18. Qe3 {[%emt 0:03:24]} Be6 {[%emt 0:10:57]} (18... c5 $1 $15 19. Bxf6 Bxf6 20. bxc5 Rxc5) 19. Rd1 {[%emt 0:03:49]} Nd7 {[%emt 0:05:40]} 20. Bxg7 {[%emt 0:07:23]} Kxg7 {[%emt 0:04:17]} 21. Na4 Qc7 {[%emt 0:01:13]} 22. f4 {[%emt 0:08:07]} Nb6 23. Nb2 {[%emt 0:05:01]} c5 {[%emt 0:03:15]} (23... Nd7 $11) 24. b5 {[%emt 0:06:22]} f6 {[%emt 0:04:29]} 25. a4 {[%emt 0:01:40]} a5 {[%emt 0:00:30]} 26. Qc3 {[%emt 0:01:53]} Rd8 {[%emt 0:05:22]} 27. Bf3 {[%emt 0:02:23]} Ra7 {[%emt 0:03:28]} 28. Rd3 {[%emt 0:01:38]} Bf7 {[%emt 0:05:54]} 29. Rad1 Rd7 {[%emt 0:02:02]} 30. Bg4 {[%emt 0:06:03]} Rd8 {[%emt 0:00:01]} 31. Bf3 {[%emt 0:07:30]} Rd7 {[%emt 0:00:22]} 32. h4 {[%emt 0:05:34]} h5 {[%emt 0:00:35]} 33. Be2 {[%emt 0:00:36]} d5 {[%emt 0:00:30]} 34. exd5 {[%emt 0:00:30]} Qxf4 {[%emt 0:00:14]} 35. g3 {[%emt 0:01:34]} Qb8 {[%emt 0:01:21]} 36. Rf1 {[%emt 0:01:36]} Rd6 {[%emt 0:01:52]} 37. Re3 {[%emt 0:01:31]} Be8 {[%emt 0:00:30]} 38. Bd1 {[%emt 0:00:30]} Bd7 {[%emt 0:00:03]} 39. Rxe7+ {[%emt 0:00:35]} Kf8 40. Rfe1 {[%emt 0:04:34]} (40. Rxf6+ $142 Kxe7 41. Qe5+ Be6 42. Rxe6+ Rxe6 43. Qxb8) 40... Nc8 {[%emt 0:02:07]} 41. R7e3 {[%emt 0:01:17]} Bf5 {[%emt 0:00:05]} 42. Bc2 {[%emt 0:00:55]} Bxc2 {[%emt 0:00:39]} 43. Qxc2 {[%emt 0:00:02]} Kf7 44. Qc3 {[%emt 0:01:08]} Nb6 $18 {[%emt 0:03:05]} (44... Re7 $142 45. Kg2 Qa7 46. Rxe7+ Nxe7) 45. Kg2 {[%emt 0:01:38]} 1-0

[Event "XXIV San Miguel 2018"]
[Site "Trevias"]
[Date "2018.09.19"]
[Round "3"]
[White "Oria Blasco, Alberto"]
[Black "Vergara Anton, Diego"]
[Result "1/2-1/2"]
[WhiteElo "1838"]
[BlackElo "2063"]
[Annotator "NA RC"]
[PlyCount "49"]
[EventDate "2018.09.17"]
[EventType "swiss"]
[EventCountry "ESP"]
[SourceTitle "playchess.com"]
[Source "ChessBase"]
[SourceQuality "1"]
[TimeControl "5400+30"]

{[%evp 8,48,25,4,28,-7,14,0,16,17,13,23,13,0,32767,32767,32767,32767,-49,32767,-47,32767,-27,-122,-118,-144,-163,-141,-134,-145,-92,32767,32767,32767,32767,-101,-114,-151,-118,-168,32767,32767,-182]} 1. Nf3 d5 2. c4 e6 3. g3 Nf6 4. Bg2 Be7 5. O-O O-O 6. b3 c5 7. cxd5 exd5 8. d4 Nc6 9. dxc5 Ne4 10. Bb2 {LiveBook: 70 Games} Bxc5 11. Bd4 $146 {D30: Queen's Gambit Declined: Systems without Nc3} ({Predecessor:} 11. e3 Qe7 12. Nc3 Rd8 13. Qc1 Be6 14. Qc2 Nxc3 15. Bxc3 d4 16. exd4 Nxd4 17. Nxd4 Bxd4 18. Bxd4 Rxd4 {½-½ (41) Artemiev,V (2673)-Gasanov,E (2488) Moscow 2016}) 11... Nxd4 12. Nxd4 Qf6 13. e3 Rd8 14. Nd2 Nc3 15. Qc2 ({White should play} 15. Qe1 $15) 15... Bxd4 16. exd4 Ne2+ ({But not} 16... Qxd4 17. Nf3 $15) 17. Kh1 Nxd4 18. Qb2 Qb6 19. Nf3 Nxf3 20. Bxf3 d4 21. Rfd1 Bf5 22. Rd2 d3 23. Rad1 Re8 24. Qa3 Rac8 $19 25. Qa4 1/2-1/2

[Event "XXIV San Miguel 2018"]
[Site "Trevias"]
[Date "2018.09.20"]
[Round "4"]
[White "Alvarez Fernandez, Enrique"]
[Black "Aguera Naredo, Javier"]
[Result "1-0"]
[WhiteElo "2303"]
[BlackElo "2369"]
[Annotator "TA"]
[PlyCount "49"]
[EventDate "2018.09.17"]
[EventType "swiss"]
[EventCountry "ESP"]
[SourceTitle "playchess.com"]
[Source "ChessBase"]
[SourceQuality "1"]

{[%evp 9,49,-56,-36,-58,-79,-75,-27,-42,-32,-38,-40,-62,-62,-67,-63,-67,-43,-46,97,25,25,25,27,28,103,98,232,222,225,225,308,291,300,304,310,307,437,428,552,542,559,567]} 1. d4 d5 2. Bg5 f6 3. Bh4 Nh6 4. e3 Nf5 5. Bg3 h5 {LiveBook: 22 Games. Strongly threatening ...h4.} 6. h3 {D00: 1 d4 d5: Unusual lines} (6. Be2 h4 7. Bh5+ Kd7 8. Bf4 g5 9. e4 dxe4 10. d5 gxf4 11. Bg4 Ke8 12. Bh5+ Kd7 {0-1 (51) Bromann,T (2384)-Gretarsson,H (2567) Reykjavik 2017}) 6... Nxg3 7. fxg3 Bf5 8. Bd3 {Black has an edge.} Qd7 9. Ne2 $146 {[%cal Bg1e2,Be2f4,Bf4g6][%mdl 32]} ({Predecessor:} 9. Nc3 e6 10. a3 g6 11. Nge2 Nc6 12. Nf4 Bd6 13. Bxf5 exf5 14. Ncxd5 {1-0 (58) Starcevic,A (1712)-Jurman,N Croatia 2010}) 9... Nc6 10. Nf4 O-O-O 11. Bxf5 Qxf5 12. Qd3 Qd7 13. Ng6 Nb4 {[#]} (13... Rg8 $15 {stays ahead.}) 14. Qd2 (14. Qc3 $1 $16 {[%cal Rc3b4]} Rh6 15. Nxf8) 14... Qf5 $11 15. Nxh8 Nxc2+ 16. Ke2 {Threatens to win with Qd3.} Nxa1 {[#]} (16... Qe4 $1 $11) 17. Qd3 $1 $36 {[%cal Rd3f5][%mdl 2048] Keeping Black busy.} e6 (17... Qg5 $16 {was worth a try.}) 18. Qxf5 $18 exf5 19. Kd3 Re8 20. Ng6 Bd6 21. Rc1 Bxg3 22. Nc3 $1 {[%csl LRa1,LRd5]} Bf2 (22... Kd7 $142 23. Nxd5 c6) 23. Nxd5 {White is clearly winning.} ({Weaker is} 23. Rxa1 Rxe3+ 24. Kc2 Rg3 $11) 23... Kd8 24. Rxa1 c6 25. Rf1 {Precision: White = 63%, Black = 32%.} 1-0

[Event "XXIV San Miguel 2018"]
[Site "Trevias"]
[Date "2018.09.20"]
[Round "4"]
[White "Cuevas Fernandez, Jose Alberto"]
[Black "Blazquez Lopez, Berna"]
[Result "1/2-1/2"]
[WhiteElo "2173"]
[BlackElo "2134"]
[Annotator "TA"]
[PlyCount "27"]
[EventDate "2018.09.17"]
[EventType "swiss"]
[EventCountry "ESP"]
[SourceTitle "playchess.com"]
[Source "ChessBase"]
[SourceQuality "1"]

{[%evp 12,27,-12,-28,0,0,0,0,0,3,16,-6,3,2,2,0,0,-12]} 1. e4 e5 2. Nf3 Nc6 3. Bb5 a6 4. Ba4 Nf6 5. O-O Be7 6. c3 Nxe4 7. Re1 {LiveBook: 8 Partien} (7. Bxc6 $5 dxc6 8. Re1 $11) 7... Nf6 {C84: Spanische Partie (Mittelgambit)} (7... Nc5 8. Bxc6 dxc6 9. Nxe5 Be6 10. Qh5 O-O 11. d4 Nd7 12. Nd2 a5 13. Ne4 Nf6 14. Nxf6+ Bxf6 15. f4 {0-1 (45) Tvarijonas,P (2361)-Pultinevicius,P (2391) Lithuania 2017}) 8. Nxe5 {Die Stellung ist ausgeglichen.} Nxe5 9. Rxe5 O-O 10. d4 d6 11. Re2 $146 ({Vorgänger:} 11. Re1 Bg4 12. Qd3 Bh5 13. Nd2 Bg6 14. Qe2 Nd5 15. c4 {1-0 (45) Foutouhos,D (1386)-Kokkota,F (1333) Petroupoli 2012}) 11... b5 12. Bb3 Bb7 13. Bf4 Re8 14. Nd2 1/2-1/2

[Event "XXIV San Miguel 2018"]
[Site "Trevias"]
[Date "2018.09.20"]
[Round "4"]
[White "Cuevas Fernandez, Manuel A."]
[Black "Crespo Gavilan, Abel"]
[Result "1-0"]
[WhiteElo "2113"]
[BlackElo "1992"]
[Annotator "TA"]
[PlyCount "97"]
[EventDate "2018.09.17"]
[EventType "swiss"]
[EventCountry "ESP"]
[SourceTitle "playchess.com"]
[Source "ChessBase"]
[SourceQuality "1"]

{[%evp 23,97,46,43,23,13,0,0,0,0,0,35,14,23,-86,-10,-13,-7,0,-8,-55,-56,-52,-47,-73,-24,-28,-25,-18,0,0,20,22,14,-21,27,20,77,45,45,47,45,39,69,47,192,190,189,177,187,190,443,443,441,427,385,403,448,388,29971,436,29972,29973,29973,29974,29973,29975,29974,29976,29976,29977,29978,29976,29986,29987,29987,29988]} 1. d4 g6 2. Nf3 Bg7 3. g3 Nf6 4. Bg2 O-O 5. O-O d6 6. c4 Nbd7 7. b3 {[%cal Bb2b3,Bb3b4][%mdl 32]} c5 8. Bb2 Rb8 9. Nc3 a6 {[%cal Ba7a6,Ba6a5][%mdl 32]} 10. a4 cxd4 {E65: King's Indian: Fianchetto: 6...c5 7 0-0 without d5 by White} (10... b6 11. Qc2 Qc7 12. d5 e6 13. dxe6 fxe6 14. Ng5 Ne5 15. Rad1 Nc6 16. e3 Nb4 17. Qd2 Rd8 18. f4 {1-0 (31) Cvek,R (2505)-Mikes,J (2321) Ostrava 2018}) 11. Nxd4 Nc5 12. b4 Ne6 {LiveBook: 3 Games. White is slightly better.} 13. Nc2 Re8 $146 ({Predecessor:} 13... Bd7 14. Ne3 b5 15. cxb5 Nc7 16. Qd2 axb5 17. a5 Na6 18. Ncd5 Nxd5 19. Nxd5 {1-0 (31) Thomas,R (2187)-Grey,N (1729) England 2014}) 14. Ne3 a5 15. b5 Nc5 16. Qc2 Be6 17. Rfd1 Rc8 18. Ned5 {[#]} (18. Ncd5 $11) 18... Bf5 (18... Nxd5 $1 $17 19. Nxd5 Bf5) 19. Nxf6+ $1 $11 Bxf6 20. e4 $1 {[%cal Re4f5]} Bg4 21. f3 Be6 22. Nd5 Bxd5 23. exd5 Bxb2 24. Qxb2 Qb6 25. Kh1 Nd7 26. Bh3 $36 {[%mdl 2048] White has the initiative.} Rc7 27. Bxd7 Rxd7 28. Rd4 Rc8 29. Rc1 Qd8 (29... Re8 $11 {keeps the balance.}) 30. Qd2 b6 31. h4 Rc5 32. Kg2 Qf8 33. h5 e5 ({Black should try} 33... Rdc7 $14) 34. dxe6 $1 $18 fxe6 35. hxg6 hxg6 36. Rh1 Rf5 $2 (36... Rh5) 37. Rdh4 {[#] Rh8+ is the strong threat.} Rh5 38. Rxh5 gxh5 39. Rxh5 {[%mdl 4096] Endgame KQR-KQR} Rg7 40. Qh6 Qe7 $2 (40... Qe8 $18 41. Rh3 Qg6) 41. Qh8+ Kf7 42. Rh7 {White mates.} Qg5 43. Rxg7+ Qxg7 44. Qxg7+ Kxg7 {KP-KP} 45. f4 Kf6 46. Kf3 e5 47. Ke4 Ke6 48. fxe5 dxe5 49. g4 {Precision: White = 64%, Black = 31%.} 1-0